| 000 | 00355nam a22001457a 4500 | ||
|---|---|---|---|
| 020 | _a9780008326067 | ||
| 040 | _cNUST | ||
| 082 | _a823-CH BON | ||
| 100 |
_aBond, Michael _982250 |
||
| 110 |
_aAlley, R.W _982251 |
||
| 245 | _aPaddington the Artist | ||
| 260 |
_aLondon: _bHarperCollins, _c2019. |
||
| 650 |
_aEnglish Fiction _9111424 |
||
| 942 |
_2ddc _cBK |
||
| 999 |
_c594322 _d594322 |
||